000 00281nam a22001337a 4500
008 180814b xxu||||| |||| 00| 0 eng d
041 _aeng
080 _a616.8
082 _a616.8
100 _a7
101 _aNEU
245 _aMatters Gray & White
_cMartin,R
942 _2udc
_cBK
999 _c47118
_d47118